| 000 | 00462cam a22001337a 4500 | ||
|---|---|---|---|
| 008 | 180718b1960 xxu||||| |||| 00| 0 eng d | ||
| 082 | _aA75 M278KO | ||
| 245 |
_aMaharashtra state gazetteers: Kolhapur _cedited by P.Setu Madhava Rao |
||
| 260 |
_aBombay _bGovernment Printing and Stationery _c1960 |
||
| 300 | _a1029+p. | ||
| 500 | _aLibrary also has supplement edited by B.G. Kunte. 1980. 59p. | ||
| 650 | _aKolhapur - Gazetteers | ||
| 700 | _aMadhava Rao, P. Setu | ||
| 999 |
_c486446 _d486446 |
||